Fundamentos de la Ley Sarbanes-Oxley

Bibliographic Details
Main Author: Espino Garca̕, Melquiades Gabriel
Format: eBook
Language:Spanish
Published: Mx̌ico DF: Instituto Mexicano de Contadores Pb︢licos, 2017
Subjects:
Online Access:Acceso restringido

MARC

LEADER 00000nam a22000007a 4500
005 20170529012537.0
007 cr|||| ||||
008 170529s2017 mx |||||s|||| 00||0 spa d
020 |a 978-607-8463-71-8 
035 |a 20288 
040 |a vLex 
090 |c 6719  |d 6719 
100 1 |a Espino Garca̕, Melquiades Gabriel 
245 1 0 |a Fundamentos de la Ley Sarbanes-Oxley  |h [Recurso electrn̤ico] /  |c Melquiades Gabriel Espino Garca̕ 
256 |a Servicio en ln̕ea 
260 |a Mx̌ico DF:  |b Instituto Mexicano de Contadores Pb︢licos,  |c 2017 
300 |a 1 recurso electrn̤ico 
500 |a Fundamentos de la Ley Sarbanes-Oxley seąla la importancia del sistema de control interno administrativo y operacional, y adiciona aquel que se requiere implantar en las r̀eas de sistemas hasta su conclusin̤ en los informes que emiten los auditores internos, las firmas multinacionales que revisan las empresas y los corporativos ms̀ grandes del mundo; inclusive, servir ̀de gua̕ para la emisin̤ de informes obligatorios de la Ley SAROX. Adems̀, es una herramienta de introduccin̤ para el alumno, el profesor o cualquier persona que desea adquirir conocimientos amplios de dicha ley y de la gran estructura que se requiere para su implantacin̤ en las empresas y en los corporativos que estň obligados a cumplirla. 
506 1 |a Disponible solo en los productos indicados  |d vLex Global  |d vLex Global (Academic Edition, excluding Law Schools)  |d vLex Global (U.S. Academic Edition, Law Schools)  |d vLex Global (U.S. Academic Edition, excluding Law Schools)  |d vLex Global (Academic Edition, Law Schools) 
650 0 4 |a Derecho Mercantil y de la Empresa  |z Mx̌ico 
650 0 4 |a Derecho Pb︢lico y Administrativo  |z Mx̌ico 
740 0 |a vLex Libros (Servicio en ln̕ea) 
856 4 0 |u http://vlex.com/source/fundamentos-de-la-ley-sarbanes-oxley-20288  |z Acceso restringido 
942 |c BOOK 
999 0 |a Commercial and Company Law 
999 0 |a Public and Administrative Law